000
00248nam a2200097Ia 4500
001
687739
005
20250826161601.0
008
250824s9999 xx 000 0 und d
245
0
_a
KİRALIK HAYALLER
_c
AHMED GÜNBAY YILDIZ
260
_b
TİMAŞ YAYINLARI
999
_c
687739
_d
687739